ਸੂਫ਼ੀਵਾਦ ਅਤੇ ਪੰਜਾਬੀ ਸੂਫ਼ੀ ਕਾਵਿ ਪ੍ਰਵਚਨ / (Record no. 81301)

MARC details
000 -LEADER
fixed length control field 00894nam a22002417a 4500
005 - DATE AND TIME OF LATEST TRANSACTION
control field 20131219122639.0
008 - FIXED-LENGTH DATA ELEMENTS--GENERAL INFORMATION
fixed length control field 131126b xxu||||| |||| 00| 0 eng d
010 ## - LCCN (DPL NO)
LC control number PUN-7763
020 ## - INTERNATIONAL STANDARD BOOK NUMBER
Terms of availability 175.00
International Standard Book Number 9789350174401xx
035 ## - SYSTEM CONTROL NUMBER
System control number PN-6881
037 ## - SOURCE OF ACQUISITION
Source of stock number/acquisition DBAD / PUB
037 ## - SOURCE OF ACQUISITION
Source of stock number/acquisition Unistar Books
040 ## - CATALOGING SOURCE
Original cataloging agency dpl
Language of cataloging pn
082 ## - DEWEY DECIMAL CLASSIFICATION NUMBER
Classification number 851.08
100 ## - MAIN ENTRY--PERSONAL NAME
Personal name ਭਲਿੰਦਰ ਸਿੰਘ
245 ## - TITLE STATEMENT
Title ਸੂਫ਼ੀਵਾਦ ਅਤੇ ਪੰਜਾਬੀ ਸੂਫ਼ੀ ਕਾਵਿ ਪ੍ਰਵਚਨ /
Statement of responsibility, etc ਭਲਿੰਦਰ ਸਿੰਘ
246 ## - VARYING FORM OF TITLE
Title proper/short title Sufivad ate punjabi sufikaav-parvachan
Remainder of title by Bhalinder Singh
260 ## - PUBLICATION, DISTRIBUTION, ETC. (IMPRINT)
Place of publication, distribution, etc Chandigarh
Name of publisher, distributor, etc Unistar Books
Date of publication, distribution, etc 2011
270 ## - ADDRESS
City Chandigarh
Address sco-26-27, sector-34 A
Telephone number 0172-5077427- 9815471219
Postal code 160022
300 4# - PHYSICAL DESCRIPTION
Extent 144p.
Dimensions 22ਸੇਂਮੀ (ਸਜਿਲੱਦ)
942 ## - ADDED ENTRY ELEMENTS (KOHA)
Source of classification or shelving scheme Dewey Decimal Classification
Item type Punjabi Bks
Classification part 851.08
Call number suffix ਭਲਿੰਦ
Holdings
Withdrawn status Lost status Source of classification or shelving scheme Damaged status Not for loan Collection code Home library Current library Date acquired Source of acquisition Cost, normal purchase price Total Checkouts Full call number Barcode Date last seen Copy number Cost, replacement price Koha item type
    Dewey Decimal Classification     Non-fiction D.B.Act.Division D.B.Act.Division 19/12/2013 DBAD 175.00   851.08 ਭਲਿੰਦ PN-6881 19/12/2013 1 175.00 Punjabi Bks

© Delhi Public Library
Hit Counter
free hit counter